000 00898nam a2200229 a 4500
001 BRCA_869
005 20190320203203.0
008 880907s1987 mx-a---##b---#000-0#spa-d
020 _a9686191038
040 _aDLC
_cDLC
_dDLC
050 4 _aNK7198.S6
_b.W55 1987
245 1 0 _aWilliam Spratling
_bplata.
260 _aMéxico
_bFundación Cultural Televisa : Centro Cultural/Arte Contemporáneo
_c1987
300 _a229 p.
_bil.
_c30 cm.
500 _aIncluye lista de fotografías
500 _aCatálogo de la exposición realizada en el Centro Cultural/Arte Contemporáneo (Taxco, México), febrero-mayo, 1987
504 _aBibliografía: p. 227
600 1 4 _aSpratling, William
_d1900-1967
_vExposiciones
_92773
650 1 4 _aTrabajos en plata
_vExposiciones
_xHistoria
_ySiglo XX
_zMéxico
_92896
650 1 4 _aDecoración y ornamentación
_vExposiciones
_xArt decó
_zMéxico
_92897
942 _2lcc
_cB
999 _c764
_d764